000 01637nam a2200421 a 4500
001 000013886
003 DO-SdBPM
005 20250623095907.0
007 ta
008 091201s2009 dr 001 0 spa d
020 _a9789945423112
040 _aDO-SdBPM
_bspa
_cBPMSU
_erda
082 4 _aRD864.44
_bM463H 2009
_222
100 1 _4Henríquez Ureña, Max
_c1885 -1968
245 1 0 _aMax Henríquez Ureña en el Listín Diario 1963 - 1965 /
_cMax Henríquez Ureña ; compilador Diógenes Céspedes.
260 _b
_c
264 _aSanto Domingo :
_bUniversidad APEC,
_c2009
300 _a xxxviii, 735, 1 páginas sin numerar :
_blustraciones ;
_c24 cm.
336 _atexto
_btxt
_2rdacontent
337 _asin mediación
_bn
_2rdamedia
338 _avolumen
_bnc
_2rdacarrier
500 _aIncluye índice
500 _aIncluye datos biográficos de Max Henríquez Ureña en la solapa de la cubierta
500 _aIncluye referencias bibliográficas y notas al pie de las páginas
505 0 _av.1 : Desde mi butaca
590 _6Inventariado, 2025/VM
600 1 4 _aHenríquez Ureña, Max
_d1885 -1968
_xArtículos de prensa
650 7 _aEnsayos dominicanos
650 7 _aRepública Dominicana
_xHistoria
_xColecciones de escritos
650 4 _aRepública Dominicana
_xVida social y costumbres
651 4 _aRepública Dominicana
_xPolítica y gobierno
_y1961-
700 1 _aCéspedes, Diógenes
_eeditor
730 0 _aListín Diario.
830 0 _aBiblioteca Nacional Pedro Henríquez Ureña
_pPeriodismo
_n2
910 _aVMateo V. Control de calidad. BPMSU
942 _2ddc
_cBK
945 _a
999 _c15193
_d15193